| 000 | 00708nam a22001817a 4500 | ||
|---|---|---|---|
| 005 | 20130711125330.0 | ||
| 010 | _aENG-107949 | ||
| 020 |
_c1495.00 _a9789350353059 |
||
| 035 | _aEN-91482 | ||
| 037 | _bDBAD/PUB | ||
| 100 | _aAggarwal, S.N. | ||
| 245 | 0 | 0 |
_aSupreme Court on consumer protection act : _cby S.N. Aggarwal _bAn exhaustive topical referencer of up-to-date Supreme Court judgments on consumer protection act arranged section wise / |
| 260 |
_aDelhi _bUniversal Law Publishing Co. _c2013 |
||
| 270 |
_aC-FF-1A, Dilkhus Industrial Estate, (Near Azadpur Metro Station) G.T. Karnal Road, _bDelhi _e110033 |
||
| 300 |
_acxx,1078p. _c28cm(Hb) |
||
| 500 | _aIncludes subject index | ||
| 942 |
_2ddc _cEN _mAGG |
||
| 999 |
_c77398 _d77398 |
||